Statistics for Central American and Carribean Countries!

Click here to take the quiz!

General Stats

  • This quiz has been taken 92 times
  • The average score is 18 of 20

Answer Stats

PopulationAnswerCapital% Correct
17,608,483GuatemalaGuatemala City
100%
4,351,267PanamaPanama City
100%
11,194,449CubaHavana
98%
412,624BahamasNassau
97%
6,314,167El SalvadorSan Salvador
97%
2,825,544JamaicaKingston
97%
73,040DominicaRoseau
95%
10,278,345HondurasTegucicalpa
95%
410,825BelizeBelmopan
93%
11,724,764HaitiPort-au-Prince
93%
6,850,540NicaraguaManagua
93%
5,153,957Costa RicaSan Jose
92%
1,534,937Trinidad and TobagoPort of Spain
90%
11,332,973Dominican RepublicSanto Domingo
89%
281,996BarbadosBridgetown
87%
94,298Antigua and BarbudaSaint John's
79%
103,699Saint Vincent and the GrenadinesKingstown
75%
47,755Saint Kitts and NevisBasseterre
74%
180,251Saint LuciaCastries
70%
126,184GrenadaSt. George's
69%

Score Distribution

Percentile by Number Answered

Percent of People with Each Score

Your Score History

You have not taken this quiz